Statystyki dla Quiz o województwie śląskim

Kliknij tutaj aby rozwiązać quiz!

Ogólne statystyki

  • Ten quiz został rozwiązany 2 376 razy
    (2 370 od ostatniego zresetowania)
  • Średni wynik to 7 z 15

Statystyki odpowiedzi

PodpowiedźOdpowiedź% Poprawnych
Stolica województwaKatowice
100%
Klub, który ma największą ilość tytułów mistrzowskich w piłce nożnej w woj. śląskim (są dwa kluby, wiec wystarczy abys napisal(a) jeden klub)Górnik Zabrze | Ruch Chorzów
78%
Najpopularniejsze śląskie potrawy (Są 3 możliwe opcje, wystarczy abyś napisał(a) jedną)Kluski śląskie | Rolada | Kołacz
71%
Największa pustynia w Polsce jak i w EuropiePustynia {Błędowska}
70%
Ilość tytułów zdobytych przez powyższe kluby14
69%
Największe i najstarsze planetarium w PolscePlanetarium {Śląskie}
66%
Nazwa prowokacji, która odbyła się 31 sierpnia 1939r., rozpoczynająca de facto II wojnę światowąProwokacja {Gliwicka}
42%
Potoczna nazwa stadionu w KatowicachSpodek
40%
Najwyższy łańcuch gór w woj. śląskimBeskid Śląski
38%
Obecny mistrz Polski w hokeju na lodzieGKS Katowice
26%
Najmniej ludne miasto na prawach powiatu w województwieŚwiętochłowice
21%
Jedyny związek metropolitalny w Polsce{Górnośląsko-Zagłębiowska} Metropolia
16%
Największy powiat pod względem liczby ludności w województwie (powiat ziemski)powiat {cieszyński}
14%
Wojewoda województwaJarosław Wieczorek
12%
Bitwa stoczona 23 maja 1921r. podczas III powstania śląskiegoBitwa pod {Olzą}
6%

Rozkład punktacji

Percentyl według liczby udzielonych odpowiedzi

Procent ludzi z każdym wynikiem

Twoja historia wyników

Nie rozwiązałeś tego quizu od ostatniego zresetowania